000 00291nam a2200097Ia 4500
008 171204s9999 xx 000 0 und d
245 _aAdvances In Psychology Research:
260 _c2015
650 _xADVANCED RESEARCH METHODS 1
856 _uhttp://down.ebook777.com/026/AdvInPsyResVol103.pdf
999 _c346885
_d346885